Sổ tay ôn luyện kiến thức sinh học 12
Nội dung sách chủ yếu đề cập tới các kiến thức cơ bản theo chương trình chuẩn. Sách cũng bao gồm phần kiến thức nâng cao. Bên cạnh việc hệ thống hóa kiến thức ngắn gọn, súc tích và đầy đủ, còn có hệ thống các bài tập tự luận và...
محفوظ في:
| المؤلف الرئيسي: | |
|---|---|
| التنسيق: | كتاب |
| اللغة: | Undetermined |
| منشور في: |
Hà Nội
Giáo dục Việt Nam
2012
|
| الموضوعات: | |
| الوسوم: |
إضافة وسم
لا توجد وسوم, كن أول من يضع وسما على هذه التسجيلة!
|
| Thư viện lưu trữ: | Trung tâm Học liệu Trường Đại học Cần Thơ |
|---|
| LEADER | 01190nam a2200217Ia 4500 | ||
|---|---|---|---|
| 001 | CTU_183965 | ||
| 008 | 210402s9999 xx 000 0 und d | ||
| 020 | |c 46000 | ||
| 082 | |a 570.712 | ||
| 082 | |b L566 | ||
| 100 | |a Vũ, Đức Lưu | ||
| 245 | 0 | |a Sổ tay ôn luyện kiến thức sinh học 12 | |
| 245 | 0 | |c Vũ Đức Lưu | |
| 260 | |a Hà Nội | ||
| 260 | |b Giáo dục Việt Nam | ||
| 260 | |c 2012 | ||
| 520 | |a Nội dung sách chủ yếu đề cập tới các kiến thức cơ bản theo chương trình chuẩn. Sách cũng bao gồm phần kiến thức nâng cao. Bên cạnh việc hệ thống hóa kiến thức ngắn gọn, súc tích và đầy đủ, còn có hệ thống các bài tập tự luận và trắc nghiệm, nhằm củng cố, nâng cao và kiểm tra đánh giá nhận thức của người học và tiện ích cho người dạy. | ||
| 650 | |a Biology,Sinh học | ||
| 650 | |x Study and teaching (Secondary),Dạy và học (trung học | ||
| 904 | |i Hải | ||
| 980 | |a Trung tâm Học liệu Trường Đại học Cần Thơ | ||